000 00383nam a2200133Ia 4500
008 220204s9999 xx 000 0 und d
020 _a8178083396
082 _a621.38:621
_bBOL
100 _aBolton, W
245 0 _aMechatronics : Electronic control systems in mechanical and electrical engineering
250 _aEd.2
260 _aDelhi
_bPearson Education Ltd
_c1999
942 _cBK
999 _c42233
_d42233